000 00546nam a2200193Ia 4500
003 GCL
008 140319s9999 xx 000 0 ara d
040 _aGCL /
_cGCL
082 0 4 _aط
_b503
_bم ق
100 1 _aمكتبة لبنان
245 1 0 _aالقاموس العجيب (مع شاشته الحمراء) /
_cمكتبة لبنان
260 _a[S.N] :
_bمكتبة لبنان ،
_c1991
300 _a52
490 _a
650 0 4 _aالاطفال
650 0 4 _aاللغة العربية
650 0 4 _aالمعاجم
942 _2ddc
_cBK
999 _c32728
_d32728